| 000 | 00701nam a2200205 a 4500 | ||
|---|---|---|---|
| 008 | 951121s1988||||[C 0 slo c | ||
| 020 |
_c16 Kčs. _q(18000 výtl.) |
||
| 040 |
_aSNK _bslo _cSNK _eAACR2 |
||
| 041 | 1 |
_aslo _hrus |
|
| 044 |
_axo _cSK |
||
| 080 | _a141.82(081) | ||
| 100 | 1 |
_aLenin, Vladimir Iľjič _4aut |
|
| 245 | 1 | 0 |
_aZobrané spisy. /Zv./ 47 _bListy 1905 - november 1910 _cVladimir Iľjič Lenin ; Dana Kopčoková |
| 250 | _a2., vyd. | ||
| 260 |
_aBratislava _bPravda _c1988 _eBratislava _fPravda |
||
| 300 |
_a561 s., 27,92 AH _c21 cm |
||
| 500 | _aLit. 235. Pozn. Reg. lit. prác a prameňov. Men. reg. 235 zázn. v slov. a ruš. | ||
| 700 | 1 |
_aKopčoková, Dana _4trl |
|
| 958 | _aA | ||
| 999 |
_c15462 _d15462 |
||